L'art des jardins / (Record no. 163438)

MARC details
000 -LEADER
campo de control de longitud fija 00770nam a2200217 i 4500
001 - NÚMERO DE CONTROL
campo de control 163438
003 - IDENTIFICADOR DE NÚMERO DE CONTROL
campo de control ES-MaACL
005 - FECHA Y HORA DE LA ÚLTIMA TRANSACCIÓN
campo de control 20230906212735.0
008 - DATOS DE LONGITUD FIJA--INFORMACIÓN GENERAL
campo de control de longitud fija 991117s1898 fr a |||| | fre d
100 1# - ENTRADA PRINCIPAL--NOMBRE DE PERSONA
Nombre de persona Riat, Georges.
9 (RLIN) 131767
245 12 - MENCIÓN DEL TÍTULO
Título L'art des jardins /
Mención de responsabilidad, etc. par Georges Riat.
260 ## - PUBLICACIÓN, DISTRIBUCIÓN, ETC.
Lugar de publicación, distribución, etc. Paris :
Nombre del editor, distribuidor, etc. Société Française d'Éditions d'Art :
-- L.-H. May,
Fecha de publicación, distribución, etc. [s.a.] (
Fabricante Imp. de Charles Hérissey)
300 ## - DESCRIPCIÓN FÍSICA
Extensión 389 p. :
Otras características físicas il. ;
Dimensiones 21 cm.
490 1# - MENCIÓN DE SERIE
Mención de serie Bibliothèque de l'enseignement des beaux-arts
596 ## - NOTA AL PIE DE IMPRENTA
NOTA AL PIE DE IMPRENTA Fecha tomada de la bibliografía, 1898.
650 04 - PUNTO DE ACCESO ADICIONAL DE MATERIA--TÉRMINO DE MATERIA
Término de materia o nombre geográfico como elemento de entrada Jardinería.
9 (RLIN) 136318
650 #4 - PUNTO DE ACCESO ADICIONAL DE MATERIA--TÉRMINO DE MATERIA
Término de materia o nombre geográfico como elemento de entrada Jardines.
9 (RLIN) 151136
830 0# - PUNTO DE ACCESO ADICIONAL DE SERIE-TÍTULO UNIFORME
Título uniforme Bibliothèque de l'enseignement des beaux-arts
9 (RLIN) 181140
852 ## - LOCALIZACIÓN
Ubicación ES-MaACL
Número de control de estantería B-2546
Nota libre -- Enc. tela
Holdings
Estatus retirado Estado de pérdida Estado de daño No para préstamo Biblioteca de origen Biblioteca actual Ubicación en estantería Fecha de adquisición Fuente de adquisición Total de préstamos Signatura topográfica completa Código de barras Visto por última vez Precio de reemplazo Tipo de ítem Koha
        Biblioteca del Ateneo de Madrid Biblioteca del Ateneo de Madrid Sala Pardo Bazán 17/01/2008     B-2546 1171268 23/02/2023 23/02/2023 Libro impreso